| 000 | 00762nam a2200253 4500 | ||
|---|---|---|---|
| 003 | OSt | ||
| 005 | 20260601170956.0 | ||
| 008 | 260505b2000\\\\caua||||\||||\00|\0\eng\d | ||
| 020 | _a1887528555 | ||
| 040 |
_aICI _bspa _cICI |
||
| 041 | _aeng | ||
| 050 |
_aNK1390 _bS67 2000 |
||
| 100 | 1 |
_aScott, Alexis, _eautor |
|
| 245 | 1 |
_aWorkbook 22 : _billustration / _cAlexis Scott. |
|
| 264 |
_aLos Angeles, California : _b2000 _cScott & Daughters Publishing |
||
| 300 |
_a1095 páginas _bilustraciones |
||
| 336 |
_atexto _2rdacontent |
||
| 337 |
_asin medio _2rdamedia |
||
| 338 |
_avolumen _2rdacarrier |
||
| 650 |
_aArte comercial _zEstados Unidos |
||
| 650 |
_aArtistas comerciales _zEstados Unidos _930587 |
||
| 700 |
_aScott, Alexis _eeditor |
||
| 942 |
_2lcc _cB _n1 |
||
| 999 |
_c19839 _d19839 |
||